Remembering Lala Shri Ram: reminiscences on his 100th birthday (Record no. 477405)

000 -LEADER
fixed length control field 00312cam a22001097a 4500
008 - FIXED-LENGTH DATA ELEMENTS--GENERAL INFORMATION
fixed length control field 180718b1984 xxu||||| |||| 00| 0 eng d
082 ## - DEWEY DECIMAL CLASSIFICATION NUMBER
Classification number A99 Sh86
245 ## - TITLE STATEMENT
Title Remembering Lala Shri Ram: reminiscences on his 100th birthday
260 ## - PUBLICATION, DISTRIBUTION, ETC.
Place of publication, distribution, etc. Delhi
Name of publisher, distributor, etc. D.C.M. Ltd.
Date of publication, distribution, etc. 1984
300 ## - PHYSICAL DESCRIPTION
Extent 398p.
650 ## - SUBJECT ADDED ENTRY--TOPICAL TERM
Topical term or geographic name entry element Shri Ram, 1884-1963
Holdings
Withdrawn status Lost status Damaged status Not for loan Permanent Location Current Location Date acquired Full call number Barcode Date last seen Price effective from Koha item type
        Indian Institute of Public Administration Indian Institute of Public Administration 2018-08-04 A99 Sh86 GR11503 2018-08-04 2018-08-04 GR

Powered by Koha